| 000 | 00798nam a2200277Ia 4500 | ||
|---|---|---|---|
| 008 | |||
| 020 | _a0323012531(pbk. ) | ||
| 049 | _aMAIN | ||
| 090 | _aRB155 MED | ||
| 100 | _aJorde , Lynn B. | ||
| 245 | 0 | 0 |
_aMedical genetics / _cLynn B. Jorde ... [et al.]. |
| 250 | _a2nd ed. | ||
| 260 |
_aSt. Louis : _bMosby, _c2000. |
||
| 300 |
_axii, 372 p., [4] p. of plates : _bill. (some col.) ; _c28 cm. |
||
| 504 | _aIncludes bibliographical references. | ||
| 500 | _aIncludes index. | ||
| 650 | 0 | _aMedical genetics | |
| 700 | _aWhite , Raymond L> | ||
| 700 | _aBamshad , Michael J. | ||
| 700 | _aCarey ,John C. | ||
| 907 |
_a.b10188861 _b27-04-07 _c31-01-06 |
||
| 003 | |||
| 005 | 20230120203918.0 | ||
| 040 | _cNUST | ||
| 942 |
_cBOOKS _kRB155 MED |
||
| 999 |
_c113749 _d113749 |
||